[Event "Liga Vasca 2009 - 1D"]
[Site "País Vasco ESP"]
[Date "2009.02.21"]
[Round "6.12"]
[White "Unanua Garcia, Pedro"]
[Black "Martin Alvarez, Iñigo"]
[Result "0-1"]
[WhiteElo "2100"]
[BlackElo "2232"]
[PlyCount "126"]
[EventDate "2009.01.10"]
[EventType "team"]
[EventRounds "9"]
[EventCountry "ESP"]
[Source "lmi"]
[SourceDate "2009.01.10"]
[WhiteTeam "España"]
[BlackTeam "España"]
[WhiteTeamCountry "ESP"]
[BlackTeamCountry "ESP"]

1. d4 d5 2. Bf4 Nf6 3. e3 g6 4. Nd2 Bg7 5. Bd3 O-O 6. Ngf3 Nbd7 7. Qe2 Nh5 8.
Bg5 Qe8 9. c3 e5 10. dxe5 Nxe5 11. Nxe5 Qxe5 12. Nf3 Qd6 13. O-O Re8 14. Rad1
h6 15. Bh4 Nf4 16. Qd2 Nxd3 17. Qxd3 Qb6 18. Rd2 c6 19. Rfd1 Bg4 20. Qe2 g5 21.
Bg3 f5 22. Qd3 Re4 23. Rf1 Rae8 24. h3 Bh5 25. Kh1 Bg6 26. Rdd1 Qxb2 27. Rb1
Qxa2 28. Rxb7 f4 29. exf4 gxf4 30. Bxf4 Bh7 31. Qd2 Qa6 32. Rfb1 R4e6 33. R1b2
Qc4 34. Nd4 Rg6 35. Bg3 Be5 36. Qe2 c5 37. Qxc4 dxc4 38. Bxe5 Rxe5 39. Rb8+ Kf7
40. R2b7+ Re7 41. Rxe7+ Kxe7 42. Rb7+ Kf6 43. Nf3 Rg7 44. Rb5 Bd3 45. Rxc5 Rb7
46. Nd4 Rb3 47. Rc6+ Ke5 48. Rc5+ Kd6 49. Ra5 Rxc3 50. Nb5+ Kc5 51. Nxc3+ Kb4
52. Rxa7 Kxc3 53. Ra6 h5 54. g4 h4 55. g5 Kb2 56. Rb6+ Ka2 57. g6 c3 58. g7 Bc4
59. Rc6 Bd5+ 60. Kh2 Kb2 61. Rxc3 Kxc3 62. f4 Kd3 63. f5 Ke3 0-1

[Event "Liga Vasca 2009 - 1D"]
[Site "País Vasco ESP"]
[Date "2009.02.21"]
[Round "6.21"]
[White "Nava Pereda, Carlos"]
[Black "Zulaika Centeno, Ander"]
[Result "1-0"]
[WhiteElo "2288"]
[BlackElo "2052"]
[PlyCount "39"]
[EventDate "2009.01.10"]
[EventType "team"]
[EventRounds "9"]
[EventCountry "ESP"]
[Source "lmi"]
[SourceDate "2009.01.10"]
[WhiteTeam "España"]
[BlackTeam "España"]
[WhiteTeamCountry "ESP"]
[BlackTeamCountry "ESP"]

1. Nf3 d5 2. c4 c6 3. e3 Nf6 4. Nc3 e6 5. b3 Bd6 6. Bb2 Nbd7 7. Qc2 Qe7 8. Be2
a6 9. h3 O-O 10. g4 g6 11. g5 Nh5 12. h4 b5 13. Nh2 Ng7 14. Ng4 Nf5 15. cxd5
exd5 16. Nxd5 cxd5 17. Qxf5 Ne5 18. Bxe5 Bxe5 19. Qxe5 Qxe5 20. Nxe5 1-0

[Event "Liga Vasca 2009 - 1D"]
[Site "País Vasco ESP"]
[Date "2009.02.21"]
[Round "6.22"]
[White "Ladron De Guevara, Francisco Javier"]
[Black "Trigo Urquijo, Sergio"]
[Result "0-1"]
[WhiteElo "2084"]
[BlackElo "2203"]
[PlyCount "100"]
[EventDate "2009.01.10"]
[EventType "team"]
[EventRounds "9"]
[EventCountry "ESP"]
[Source "lmi"]
[SourceDate "2009.01.10"]
[WhiteTeam "España"]
[BlackTeam "España"]
[WhiteTeamCountry "ESP"]
[BlackTeamCountry "ESP"]

1. d4 d6 2. Nf3 Bg4 3. e4 Nf6 4. Nc3 c6 5. h3 Bh5 6. Be3 Bg6 7. e5 dxe5 8. Nxe5
Nbd7 9. Nxg6 hxg6 10. d5 cxd5 11. Nxd5 Qa5+ 12. Nc3 e6 13. Be2 Ne4 14. Qd3 Nxc3
15. bxc3 Bc5 16. O-O Bxe3 17. Qxe3 O-O 18. Qd4 Rfd8 19. Qb4 Qc7 20. Bf3 Rab8
21. Rfd1 Nc5 22. Rd4 b6 23. Rad1 Rbc8 24. a4 a5 25. Qb5 e5 26. Rxd8+ Rxd8 27.
Rb1 Rd6 28. Re1 Rd8 29. Rb1 Rb8 30. Bd5 Qd7 31. Qc4 Rd8 32. Rd1 Rc8 33. Re1
Nxa4 34. Bxf7+ Kf8 35. Be6 Rxc4 36. Bxd7 Nc5 37. Bb5 Rxc3 38. Rxe5 Rxc2 39.
Re8+ Kf7 40. Rb8 a4 41. Be8+ Ke7 42. Bxg6 Rc1+ 43. Kh2 a3 44. Ra8 Ra1 45. Ra7+
Kf6 46. Bf7 b5 47. Rc7 b4 48. Bc4 b3 49. Rxc5 b2 50. Bd3 a2 0-1

[Event "Liga Vasca 2009 - 1D"]
[Site "País Vasco ESP"]
[Date "2009.02.21"]
[Round "6.23"]
[White "Wu Martin, Eneko"]
[Black "Juez Villar, Erik"]
[Result "1-0"]
[WhiteElo "2058"]
[BlackElo "1968"]
[PlyCount "45"]
[EventDate "2009.01.10"]
[EventType "team"]
[EventRounds "9"]
[EventCountry "ESP"]
[Source "lmi"]
[SourceDate "2009.01.10"]
[WhiteTeam "España"]
[BlackTeam "España"]
[WhiteTeamCountry "ESP"]
[BlackTeamCountry "ESP"]

1. e4 c6 2. d4 d5 3. Nc3 dxe4 4. Nxe4 Bf5 5. Ng3 Bg6 6. h4 h6 7. N1e2 e6 8. Nf4
Bh7 9. Bc4 Nf6 10. O-O Bd6 11. Re1 O-O 12. c3 Kh8 13. Qf3 Nbd7 14. Ngh5 e5 15.
dxe5 Nxe5 16. Qg3 Ng6 17. Nxg6+ fxg6 18. Nf4 g5 19. hxg5 Nh5 20. Qg4 Nxf4 21.
gxh6 gxh6 22. Be3 Qc7 23. Bd4+ 1-0

[Event "Liga Vasca 2009 - 1D"]
[Site "País Vasco ESP"]
[Date "2009.02.21"]
[Round "6.24"]
[White "Lauroba Elizaran, Fermin"]
[Black "Rodriguez Gonzalez, Alex"]
[Result "0-1"]
[WhiteElo "1932"]
[BlackElo "2039"]
[PlyCount "78"]
[EventDate "2009.01.10"]
[EventType "team"]
[EventRounds "9"]
[EventCountry "ESP"]
[Source "lmi"]
[SourceDate "2009.01.10"]
[WhiteTeam "España"]
[BlackTeam "España"]
[WhiteTeamCountry "ESP"]
[BlackTeamCountry "ESP"]

1. e4 g6 2. d4 c5 3. Nf3 Bg7 4. c3 Qc7 5. Be2 Nf6 6. e5 Nd5 7. O-O O-O 8. Na3
a6 9. Nc2 d6 10. dxc5 Qxc5 11. exd6 exd6 12. c4 Nb6 13. Be3 Qc7 14. Bd4 Nc6 15.
Bxg7 Kxg7 16. Ne3 Be6 17. Nd5 Bxd5 18. cxd5 Ne7 19. Rc1 Qd8 20. Qd4+ Kg8 21.
Bc4 Nf5 22. Qf4 Rc8 23. Bb3 Qd7 24. Rxc8 Rxc8 25. Rd1 Rc5 26. Ng5 Qe7 27. Ne4
Rc8 28. g4 Qh4 29. Qf3 Re8 30. Bc2 Rc8 31. Bb3 Re8 32. Re1 Re5 33. gxf5 gxf5
34. Kh1 fxe4 35. Rg1+ Kf8 36. Qe2 Nd7 37. Rg3 Rh5 38. Rg2 Ne5 39. Bc2 Nf3 0-1

[Event "Liga Vasca 2009 - 1D"]
[Site "Pais Vasco ESP"]
[Date "2009.02.21"]
[Round "6.31"]
[White "Landa Ceballos, Jose Antonio"]
[Black "Sanz Perez, Eduardo"]
[Result "1-0"]
[WhiteElo "2070"]
[BlackElo "2177"]
[PlyCount "99"]
[EventDate "2009.01.10"]
[EventType "team"]
[EventRounds "9"]
[EventCountry "ESP"]
[Source "lmi"]
[SourceDate "2009.01.10"]
[WhiteTeamCountry "ESP"]
[BlackTeamCountry "ESP"]

1. d4 e6 2. e4 d5 3. Nc3 Nf6 4. Bg5 Bb4 5. e5 h6 6. Bd2 Bxc3 7. bxc3 Ne4 8. Qg4
g6 9. Bc1 c5 10. Bd3 Qa5 11. Ne2 cxd4 12. Bxe4 dxe4 13. Qxe4 dxc3 14. O-O Nc6
15. f4 Ne7 16. Rb1 Nd5 17. Rb3 Bd7 18. Rxb7 Bb5 19. f5 gxf5 20. Rxf5 Bc6 21.
Rfxf7 Bxb7 22. Rxb7 O-O-O 23. Rb3 Qc5+ 24. Kh1 Rhf8 25. h3 Rf7 26. Be3 Qxe3 27.
Rxc3+ Qxc3 28. Nxc3 Nxc3 29. Qa8+ Kd7 30. Qb7+ Ke8 31. Qc6+ Rdd7 32. Qxc3 Rc7
33. Qb3 Ke7 34. Qb4+ Ke8 35. c4 Rcd7 36. Kh2 Rf2 37. a4 a6 38. Qb6 Rdd2 39.
Qxe6+ Kd8 40. Qb6+ Ke7 41. Qc6 a5 42. h4 h5 43. c5 Rf4 44. Kh3 Rdd4 45. g3 Rfe4
46. Qf6+ Kd7 47. e6+ Kc7 48. e7 Rd1 49. Qb6+ Kc8 50. Qc6+ 1-0

[Event "Liga Vasca 2009 - 1D"]
[Site "País Vasco ESP"]
[Date "2009.02.21"]
[Round "6.32"]
[White "Lakunza Oyarbide, Juan Carlos"]
[Black "Gomez Calvo, Jose Ricardo"]
[Result "0-1"]
[WhiteElo "2122"]
[BlackElo "1933"]
[PlyCount "82"]
[EventDate "2009.01.10"]
[EventType "team"]
[EventRounds "9"]
[EventCountry "ESP"]
[Source "lmi"]
[SourceDate "2009.01.10"]
[WhiteTeam "España"]
[BlackTeam "España"]
[WhiteTeamCountry "ESP"]
[BlackTeamCountry "ESP"]

1. d4 d5 2. c4 e6 3. Nf3 Nf6 4. g3 c6 5. Nbd2 Nbd7 6. Bg2 Bd6 7. O-O O-O 8. Qc2
Re8 9. e4 dxe4 10. Nxe4 Nxe4 11. Qxe4 Nf6 12. Qe2 h6 13. Rd1 Qc7 14. Ne5 c5 15.
Nf3 Bd7 16. dxc5 Qxc5 17. Be3 Qc7 18. c5 Be7 19. b4 Nd5 20. Bd2 Bf6 21. Rac1 a6
22. Qc4 Ba4 23. Re1 Bb5 24. Qg4 Bd3 25. Nd4 Rad8 26. Be4 Nxb4 27. Bxb4 Rxd4 28.
Bc3 Rxe4 29. Rxe4 Bxe4 30. Bxf6 Bg6 31. Ba1 Rd8 32. h4 Rd5 33. Qb4 Qd7 34. Qc3
Rd1+ 35. Kh2 f6 36. Rxd1 Qxd1 37. Qd4 Qb1 38. Kg2 Be4+ 39. f3 Bd5 40. Qb2 Qd1
41. Qf2 Qxa1 0-1

[Event "Liga Vasca 2009 - 1D"]
[Site "País Vasco ESP"]
[Date "2009.02.21"]
[Round "6.33"]
[White "Fernandez de Pinedo, Jose Angel"]
[Black "Segovia Sanchez, Antonio"]
[Result "1-0"]
[WhiteElo "1966"]
[BlackElo "2013"]
[PlyCount "121"]
[EventDate "2009.01.10"]
[EventType "team"]
[EventRounds "9"]
[EventCountry "ESP"]
[Source "lmi"]
[SourceDate "2009.01.10"]
[WhiteTeam "España"]
[BlackTeam "España"]
[WhiteTeamCountry "ESP"]
[BlackTeamCountry "ESP"]

1. e4 d6 2. d4 Nf6 3. Nc3 g6 4. f4 Bg7 5. Bc4 c6 6. e5 dxe5 7. fxe5 Nd5 8. Qf3
Be6 9. Bb3 Na6 10. Nge2 Qd7 11. O-O O-O 12. Nxd5 Bxd5 13. Bxd5 cxd5 14. Nf4 Nc7
15. Bd2 f6 16. e6 Nxe6 17. Qxd5 Qxd5 18. Nxd5 Nxd4 19. Nxe7+ Kh8 20. c3 Nb5 21.
a4 Nd6 22. Bf4 Rad8 23. Rfd1 Ne4 24. Bc7 Rde8 25. Nd5 f5 26. Nf4 Rf7 27. Ba5
Be5 28. Nd3 Bf6 29. Bb4 Re6 30. a5 Kg7 31. Nf4 Rc6 32. Rd3 Be5 33. Ne2 Nc5 34.
Rd5 Nd7 35. Rad1 Rc7 36. Nd4 Bxd4+ 37. R1xd4 Nf6 38. Rd8 Ne4 39. Ra8 a6 40.
Rad8 Kf6 41. Kf1 Kg7 42. Ke2 Kh6 43. Bd6 Rcd7 44. Bf4+ g5 45. R8xd7 Rxd7 46.
Bxg5+ Kxg5 47. Rxd7 Nc5 48. Rxh7 Nb3 49. Rxb7 Nxa5 50. Rb6 Nc4 51. Rb4 Ne5 52.
Ra4 f4 53. Ra5 Kf6 54. Rxe5 Kxe5 55. Kf3 Kd5 56. b3 Ke5 57. g3 fxg3 58. hxg3 a5
59. Ke3 Kd5 60. Kd3 Kc5 61. g4 1-0

[Event "Liga Vasca 2009 - 1D"]
[Site "País Vasco ESP"]
[Date "2009.02.21"]
[Round "6.34"]
[White "Hernandez Lopez, Daniel"]
[Black "Arce Balluerca, Oscar"]
[Result "0-1"]
[WhiteElo "1978"]
[BlackElo "2037"]
[PlyCount "48"]
[EventDate "2009.01.10"]
[EventType "team"]
[EventRounds "9"]
[EventCountry "ESP"]
[Source "lmi"]
[SourceDate "2009.01.10"]
[WhiteTeam "España"]
[BlackTeam "España"]
[WhiteTeamCountry "ESP"]
[BlackTeamCountry "ESP"]

1. e4 Nf6 2. e5 Nd5 3. d4 d6 4. f4 dxe5 5. fxe5 g6 6. Nf3 Bg7 7. Bd3 O-O 8. O-O
c5 9. c4 Nb4 10. d5 Bg4 11. Re1 Nxd3 12. Qxd3 Nc6 13. Bf4 Nb4 14. Qd2 Bf5 15.
Rc1 Nd3 16. Rd1 Qb6 17. b3 Nxf4 18. Qxf4 h6 19. Nbd2 Bc2 20. Rdc1 g5 21. Qe3
Bg6 22. Ne4 g4 23. Nh4 Bxe5 24. Rab1 Bd4 0-1

[Event "Liga Vasca 2009 - 1D"]
[Site "País Vasco ESP"]
[Date "2009.02.21"]
[Round "6.41"]
[White "Navarrete Delgado, Sergio"]
[Black "Galzagorri Uli, Yeray"]
[Result "1-0"]
[WhiteElo "2217"]
[BlackElo "2244"]
[PlyCount "61"]
[EventDate "2009.01.10"]
[EventType "team"]
[EventRounds "9"]
[EventCountry "ESP"]
[Source "lmi"]
[SourceDate "2009.01.10"]
[WhiteTeam "España"]
[BlackTeam "España"]
[WhiteTeamCountry "ESP"]
[BlackTeamCountry "ESP"]

1. e4 c5 2. Nf3 e6 3. d4 cxd4 4. Nxd4 a6 5. Nc3 b5 6. Be3 Bb7 7. Bd3 d6 8. O-O
Nf6 9. f3 Nbd7 10. Qe1 b4 11. Na4 d5 12. Rd1 Bd6 13. c4 dxe4 14. Bxe4 Nxe4 15.
fxe4 Qc7 16. c5 Nxc5 17. Nxc5 Bxc5 18. Rc1 Qe5 19. Rxc5 Qxc5 20. Nxe6 Qe5 21.
Nc5 Bc6 22. Qxb4 O-O 23. Bd4 Qg5 24. Qc3 Rac8 25. Rf3 g6 26. Bh8 f6 27. Bxf6
Qh5 28. Bh8 Rc7 29. Rxf8+ Kxf8 30. Ne6+ Kf7 31. Nxc7 1-0

[Event "Liga Vasca 2009 - 1D"]
[Site "País Vasco ESP"]
[Date "2009.02.21"]
[Round "6.42"]
[White "Jimenez Martin, Gustavo"]
[Black "Martin Echeandia, Ibon"]
[Result "0-1"]
[WhiteElo "2175"]
[BlackElo "2225"]
[PlyCount "42"]
[EventDate "2009.01.10"]
[EventType "team"]
[EventRounds "9"]
[EventCountry "ESP"]
[Source "lmi"]
[SourceDate "2009.01.10"]
[WhiteTeam "España"]
[BlackTeam "España"]
[WhiteTeamCountry "ESP"]
[BlackTeamCountry "ESP"]

1. e4 e5 2. Nf3 Nc6 3. Bc4 Nf6 4. d4 exd4 5. O-O Nxe4 6. Re1 d5 7. Bxd5 Qxd5 8.
Nc3 Qh5 9. Nxe4 Be6 10. Neg5 O-O-O 11. Nxe6 fxe6 12. Rxe6 Bd6 13. Bg5 Rdf8 14.
Rxd6 cxd6 15. Qd2 Rxf3 16. gxf3 Ne5 17. Kg2 Nxf3 18. Qd1 Qg4+ 19. Kh1 Re8 20.
Bd2 Qh3 21. Bf4 Re1+ 0-1

[Event "Liga Vasca 2009 - 1D"]
[Site "País Vasco ESP"]
[Date "2009.02.21"]
[Round "6.43"]
[White "Mombiela Martinez, Gonzalo"]
[Black "Prieto Aranguren, Alain"]
[Result "1-0"]
[WhiteElo "2081"]
[BlackElo "2168"]
[PlyCount "61"]
[EventDate "2009.01.10"]
[EventType "team"]
[EventRounds "9"]
[EventCountry "ESP"]
[Source "lmi"]
[SourceDate "2009.01.10"]
[WhiteTeam "España"]
[BlackTeam "España"]
[WhiteTeamCountry "ESP"]
[BlackTeamCountry "ESP"]

1. e4 c6 2. c4 d5 3. exd5 cxd5 4. cxd5 Nf6 5. Bb5+ Nbd7 6. Nc3 a6 7. Qa4 Rb8 8.
Bxd7+ Bxd7 9. Qb3 g6 10. Nf3 Bg7 11. d4 O-O 12. Bf4 Rc8 13. h3 b5 14. O-O Bf5
15. Ne5 Qb6 16. Nc6 Qb7 17. Rfe1 Rfe8 18. a4 e6 19. axb5 Nxd5 20. Na5 Qb6 21.
Nxd5 exd5 22. Rxe8+ Rxe8 23. bxa6 Qxa6 24. Qxd5 Qe2 25. b3 Be4 26. Qc4 Bd3 27.
Qc3 Re4 28. Be5 Bxe5 29. dxe5 Rxe5 30. Nc6 Rf5 31. Ra8+ 1-0

[Event "Liga Vasca 2009 - 1D"]
[Site "País Vasco ESP"]
[Date "2009.02.21"]
[Round "6.44"]
[White "Garitaonaindia Areitio, Iker"]
[Black "Monje Peinado, Roberto"]
[Result "1/2-1/2"]
[WhiteElo "1896"]
[BlackElo "2020"]
[PlyCount "56"]
[EventDate "2009.01.10"]
[EventType "team"]
[EventRounds "9"]
[EventCountry "ESP"]
[Source "lmi"]
[SourceDate "2009.01.10"]
[WhiteTeam "España"]
[BlackTeam "España"]
[WhiteTeamCountry "ESP"]
[BlackTeamCountry "ESP"]

1. e4 c5 2. Nc3 Nc6 3. g3 g6 4. Bg2 Bg7 5. Nge2 d6 6. O-O e6 7. d3 Nge7 8. Be3
Nd4 9. Rb1 Nec6 10. a3 Rb8 11. b4 cxb4 12. axb4 b5 13. Qd2 a5 14. Nxd4 Nxd4 15.
Na2 a4 16. c4 Ba6 17. Bxd4 Bxd4 18. Nc3 O-O 19. cxb5 Bxb5 20. Nxb5 Rxb5 21. Qa2
Qb6 22. Qxa4 Rb8 23. Qc2 Rxb4 24. Rxb4 Qxb4 25. Rc1 Qb2 26. Bf1 h5 27. Be2 Rb5
28. h4 Kg7 1/2-1/2

[Event "Liga Vasca 2009 - 1D"]
[Site "País Vasco ESP"]
[Date "2009.02.21"]
[Round "6.51"]
[White "Aguirre Canflanca, Josu"]
[Black "Miguel Quintero, Francisco"]
[Result "1-0"]
[WhiteElo "2165"]
[BlackElo "2274"]
[PlyCount "139"]
[EventDate "2009.01.10"]
[EventType "team"]
[EventRounds "9"]
[EventCountry "ESP"]
[Source "lmi"]
[SourceDate "2009.01.10"]
[WhiteTeam "España"]
[BlackTeam "España"]
[WhiteTeamCountry "ESP"]
[BlackTeamCountry "ESP"]

1. d4 g6 2. e4 Bg7 3. Nc3 d6 4. Be3 Nf6 5. h3 O-O 6. g4 e5 7. d5 a6 8. Qd2 b5
9. a3 Nbd7 10. Nge2 Nb6 11. b3 Bd7 12. Bg2 Rc8 13. Rd1 Ne8 14. Bg5 f6 15. Bh4
Qe7 16. O-O Qf7 17. f4 exf4 18. Rxf4 Qe7 19. Rff1 c5 20. dxc6 Bxc6 21. Nd4 Bb7
22. Nd5 Bxd5 23. exd5 Nd7 24. Nc6 Qf7 25. Rde1 Ne5 26. Rxe5 dxe5 27. d6 Nxd6
28. Qxd6 Kh8 29. Nxe5 Qa7+ 30. Bf2 Qc7 31. Qxc7 Rxc7 32. Nc6 f5 33. Bg3 Rd7 34.
gxf5 gxf5 35. Nb4 Rd2 36. Be1 Re2 37. Bf3 Re6 38. Bd5 Re2 39. Bf3 Re6 40. c4
bxc4 41. bxc4 Rc8 42. Bd5 Re3 43. Bf2 Rxa3 44. c5 a5 45. Nc6 Rd3 46. Bg2 a4 47.
Ne7 Rc7 48. Nxf5 Bc3 49. c6 a3 50. Bb6 Rc8 51. Ne7 Re8 52. c7 a2 53. Bc6 Rg3+
54. Kh1 Rgg8 55. Bxe8 Rxe8 56. c8=Q Rxc8 57. Nxc8 a1=Q 58. Rxa1 Bxa1 59. Kg2
Kg8 60. Nd6 Bc3 61. Kf3 Bb4 62. Nc4 Kf7 63. Kg4 Kg6 64. Bd4 Be1 65. Ne5+ Kh6
66. Nf3 Ba5 67. h4 Bd8 68. h5 Bf6 69. Nh4 Bxh4 70. Be3+ 1-0

[Event "Liga Vasca 2009 - 1D"]
[Site "País Vasco ESP"]
[Date "2009.02.21"]
[Round "6.52"]
[White "Miguel Quintero, Antonio"]
[Black "Corral Sierra, Javier"]
[Result "1-0"]
[WhiteElo "2184"]
[BlackElo "2092"]
[PlyCount "53"]
[EventDate "2009.01.10"]
[EventType "team"]
[EventRounds "9"]
[EventCountry "ESP"]
[Source "lmi"]
[SourceDate "2009.01.10"]
[WhiteTeam "España"]
[BlackTeam "España"]
[WhiteTeamCountry "ESP"]
[BlackTeamCountry "ESP"]

1. e4 e5 2. Nf3 Nc6 3. Nc3 Nf6 4. d4 exd4 5. Nxd4 Bb4 6. Nxc6 bxc6 7. Bd3 O-O
8. O-O d5 9. exd5 cxd5 10. Bg5 c6 11. Qf3 Be7 12. Rae1 Be6 13. Ne2 c5 14. b3 h6
15. Bxf6 Bxf6 16. Nf4 Qd6 17. c4 Be5 18. cxd5 Bxf4 19. dxe6 fxe6 20. Qe4 Rad8
21. Qh7+ Kf7 22. Bg6+ Kf6 23. Bh5 Bxh2+ 24. Kh1 Be5 25. f4 Bc3 26. Re3 Qd4 27.
Qg6+ 1-0

[Event "Liga Vasca 2009 - 1D"]
[Site "País Vasco ESP"]
[Date "2009.02.21"]
[Round "6.53"]
[White "Manso Marquez, Felix"]
[Black "Alcaide Luque, Aitor"]
[Result "1-0"]
[WhiteElo "2083"]
[BlackElo "2108"]
[PlyCount "105"]
[EventDate "2009.01.10"]
[EventType "team"]
[EventRounds "9"]
[EventCountry "ESP"]
[Source "lmi"]
[SourceDate "2009.01.10"]
[WhiteTeam "España"]
[BlackTeam "España"]
[WhiteTeamCountry "ESP"]
[BlackTeamCountry "ESP"]

1. d4 e6 2. c4 f5 3. g3 Nf6 4. Bg2 c6 5. Nh3 d6 6. O-O Be7 7. Nd2 O-O 8. b3 Qc7
9. e4 e5 10. Bb2 fxe4 11. dxe5 dxe5 12. Nxe4 Nxe4 13. Bxe4 Nd7 14. Qc2 Nc5 15.
Bxh7+ Kh8 16. Bg6 Bxh3 17. Qe2 Rf5 18. Bxf5 Bxf5 19. Qh5+ Bh7 20. Bxe5 Qd7 21.
Rad1 Qf5 22. Qe2 Ne4 23. Bd4 Bf8 24. Rd3 Bg6 25. Re3 c5 26. Bc3 Re8 27. Be1 Rd8
28. f3 Nf6 29. Bc3 Qc2 30. Qxc2 Bxc2 31. Rfe1 Kg8 32. Kf2 Kf7 33. g4 Bd6 34.
Be5 Bf8 35. h4 Nd7 36. Bc7 Rc8 37. Bg3 Nb8 38. Rc1 Bh7 39. Bxb8 Rxb8 40. Rd1 a6
41. f4 b5 42. Rd7+ Kg8 43. cxb5 axb5 44. f5 c4 45. Kf3 Ra8 46. bxc4 bxc4 47.
Rc3 Kh8 48. Rxc4 Bg8 49. Rcc7 Bxa2 50. Kf4 Ba3 51. Ra7 Bc1+ 52. Kg3 Rc8 53.
Rxa2 1-0

[Event "Liga Vasca 2009 - 1D"]
[Site "País Vasco ESP"]
[Date "2009.02.21"]
[Round "6.54"]
[White "Alcaide Rodriguez, Mikel"]
[Black "Mendikute Fierro, Claudio"]
[Result "1/2-1/2"]
[WhiteElo "1741"]
[BlackElo "2057"]
[PlyCount "51"]
[EventDate "2009.01.10"]
[EventType "team"]
[EventRounds "9"]
[EventCountry "ESP"]
[Source "lmi"]
[SourceDate "2009.01.10"]
[WhiteTeam "España"]
[BlackTeam "España"]
[WhiteTeamCountry "ESP"]
[BlackTeamCountry "ESP"]

1. d4 d5 2. c4 dxc4 3. Nf3 Nf6 4. g3 c6 5. a4 Bf5 6. Bg2 e6 7. Ne5 Nbd7 8. Nxc4
Nb6 9. Nba3 Nxc4 10. Nxc4 Bb4+ 11. Bd2 Bxd2+ 12. Qxd2 O-O 13. O-O Qe7 14. f3
Rad8 15. e4 Bg6 16. Rfd1 Nd7 17. Qe3 Nb6 18. Nxb6 axb6 19. Qb3 Qc7 20. Rac1 Rd6
21. Rd3 Rfd8 22. Rcd1 Kf8 23. Qc3 f6 24. b4 Ke7 25. Bf1 Be8 26. Kf2 1/2-1/2

[Event "Liga Vasca 2009 - 1D"]
[Site "País Vasco ESP"]
[Date "2009.02.28"]
[Round "7.11"]
[White "Navarro Cia, Miguel"]
[Black "Miguel Quintero, Francisco"]
[Result "1-0"]
[WhiteElo "2318"]
[BlackElo "2274"]
[PlyCount "55"]
[EventDate "2009.01.10"]
[EventType "team"]
[EventRounds "9"]
[EventCountry "ESP"]
[Source "lmi"]
[SourceDate "2009.01.10"]
[WhiteTeam "España"]
[BlackTeam "España"]
[WhiteTeamCountry "ESP"]
[BlackTeamCountry "ESP"]

1. e4 g6 2. d4 Bg7 3. Nf3 d6 4. Bc4 Nf6 5. Qe2 O-O 6. e5 dxe5 7. dxe5 Nd5 8. h3
Nb6 9. Bb3 Nc6 10. O-O Nd4 11. Nxd4 Qxd4 12. Re1 Be6 13. Bxe6 fxe6 14. Nd2 Rf5
15. Nf3 Qc4 16. b3 Qxe2 17. Rxe2 Nd5 18. c4 Nb4 19. Ba3 Nc6 20. Rd1 Nxe5 21.
Nxe5 Rxe5 22. Rxe5 Bxe5 23. Bxe7 b6 24. Rd7 h6 25. Kf1 a6 26. Ke2 Rc8 27. Ke3
c5 28. f4 1-0

[Event "Liga Vasca 2009 - 1D"]
[Site "País Vasco ESP"]
[Date "2009.02.28"]
[Round "7.12"]
[White "Miguel Quintero, Antonio"]
[Black "Zamarbide Ibarrea, Daniel"]
[Result "1/2-1/2"]
[WhiteElo "2184"]
[BlackElo "2206"]
[PlyCount "91"]
[EventDate "2009.01.10"]
[EventType "team"]
[EventRounds "9"]
[EventCountry "ESP"]
[Source "lmi"]
[SourceDate "2009.01.10"]
[WhiteTeam "España"]
[BlackTeam "España"]
[WhiteTeamCountry "ESP"]
[BlackTeamCountry "ESP"]

1. d4 Nf6 2. c4 Nc6 3. Nc3 e5 4. d5 Ne7 5. e4 Ng6 6. Be3 Bb4 7. Bd3 Bxc3+ 8.
bxc3 O-O 9. h3 d6 10. Ne2 Nh5 11. Qd2 h6 12. O-O Qh4 13. f4 exf4 14. Nxf4 Ne5
15. Nxh5 Qxh5 16. Bd4 Bd7 17. Be2 Qg6 18. Qe3 Rae8 19. Bxe5 Rxe5 20. Rf4 Rfe8
21. Bd3 f5 22. Re1 fxe4 23. Bxe4 Bf5 24. Bxf5 Qxf5 25. Rxf5 Rxe3 26. Rb1 b6 27.
Rbf1 R8e7 28. Rf8+ Kh7 29. Ra8 a5 30. c5 dxc5 31. Ra7 c6 32. Rxe7 Rxe7 33. dxc6
Rc7 34. c4 Rxc6 35. Rf8 Kg6 36. Rb8 Kg5 37. Kf2 g6 38. Kf3 Rf6+ 39. Kg3 h5 40.
h4+ Kf5 41. Kf3 Rd6 42. Rf8+ Ke6 43. Rb8 Kd7 44. Rg8 Kc7 45. Rg7+ Kc8 46. g4
1/2-1/2

[Event "Liga Vasca 2009 - 1D"]
[Site "País Vasco ESP"]
[Date "2009.02.28"]
[Round "7.13"]
[White "Aguinaga Ruiz, Jesus Luis"]
[Black "Alcaide Luque, Aitor"]
[Result "1/2-1/2"]
[WhiteElo "1998"]
[BlackElo "2108"]
[PlyCount "71"]
[EventDate "2009.01.10"]
[EventType "team"]
[EventRounds "9"]
[EventCountry "ESP"]
[Source "lmi"]
[SourceDate "2009.01.10"]
[WhiteTeam "España"]
[BlackTeam "España"]
[WhiteTeamCountry "ESP"]
[BlackTeamCountry "ESP"]

1. d4 e6 2. Nf3 f5 3. Bf4 Nf6 4. e3 Be7 5. c4 b6 6. Nc3 Bb7 7. Be2 O-O 8. h3
Ne4 9. O-O Nxc3 10. bxc3 d6 11. Qb3 Nd7 12. c5 Bd5 13. c4 Bxf3 14. Bxf3 Rc8 15.
cxb6 cxb6 16. Rfd1 Kh8 17. Bb7 Rc7 18. Ba6 g5 19. Bh2 f4 20. a4 Nb8 21. a5 bxa5
22. Rxa5 Nxa6 23. Rxa6 Qc8 24. Ra4 e5 25. Rda1 exd4 26. exd4 Bf6 27. Qd3 Qd7
28. h4 Qg7 29. Rd1 Qd7 30. Ra5 h6 31. hxg5 hxg5 32. Qg6 Qh7 33. Qxh7+ Kxh7 34.
g3 Rxc4 35. Rxa7+ Kg8 36. Rd7 1/2-1/2

[Event "Liga Vasca 2009 - 1D"]
[Site "País Vasco ESP"]
[Date "2009.02.28"]
[Round "7.14"]
[White "Alcaide Rodriguez, Mikel"]
[Black "Cobos Urbina, Enrique"]
[Result "1/2-1/2"]
[WhiteElo "1741"]
[BlackElo "1845"]
[PlyCount "69"]
[EventDate "2009.01.10"]
[EventType "team"]
[EventRounds "9"]
[EventCountry "ESP"]
[Source "lmi"]
[SourceDate "2009.01.10"]
[WhiteTeam "España"]
[BlackTeam "España"]
[WhiteTeamCountry "ESP"]
[BlackTeamCountry "ESP"]

1. d4 Nf6 2. Bg5 Ne4 3. Bf4 c5 4. f3 Qa5+ 5. c3 Nf6 6. Nd2 cxd4 7. Nc4 Qf5 8.
Bxb8 Rxb8 9. Qxd4 b6 10. e4 Qc5 11. Ne2 g6 12. e5 Qxd4 13. cxd4 Nd5 14. Nc3 Bb7
15. Nxd5 Bxd5 16. Ne3 Bb7 17. Rc1 Bh6 18. Kf2 Rc8 19. Rxc8+ Bxc8 20. Bd3 O-O
21. Rc1 d6 22. Rc7 dxe5 23. Ng4 Bxg4 24. fxg4 e6 25. dxe5 Rd8 26. Ke2 Bf4 27.
h3 Bxe5 28. Rxa7 Bxb2 29. Rb7 Bd4 30. Bb5 Bc5 31. Rd7 Rxd7 32. Bxd7 Kf8 33. Kd3
Ke7 34. Bb5 Kd6 35. Ke4 1/2-1/2